000 01208nam a2200313 c 4500
003 BLK
005 20180422100151.0
008 180408b bul|||||r ||||||| ||bul||
010 _aKNG00035723000
020 _a954-657-370-1
_bиздат.: Пан
040 _aBLK
041 _aBUL
_cBUL
080 _aАмериканска литература (на САЩ)
_b821.111(73)
_x-93-312.9
_z821.111(73)-93-312.9
100 1 _aФостър, Алън Дийн
_eпърви автор
_9272697
700 1 _aБожанова, Ивайла Русева
_eпрев.
_9365268
139 _aФостър, Алън Дийн
_bФ 73
245 1 0 _aИзгубената Динотопия
_bРоман
_cАлън Дийн Фостър; прев. Ивайла Русева Божанова.
257 _aUSA
260 София
_bПан
_c2001
_fСофия : Балкан прес
300 _a399 с.
_c20 см
380 _aDX
490 1 _aСъвременни детски романи
_v7
500 _aОриг. загл. Dinotopia lost / Alan Dean Foster.
852 _aЦб 208317
856 4 _qpdf
_u
856 4 _qpdf
_u
942 _cKNG
_n0
944 _aCR
_c15.01.2003
_kГеновева_Генчева
944 _aED
_c13.01.2004
_k
999 _c33040
_d33040